<?xml version="1.0" encoding="UTF-8"?>
<record
    xmlns:xsi="http://www.w3.org/2001/XMLSchema-instance"
    xsi:schemaLocation="http://www.loc.gov/MARC21/slim http://www.loc.gov/standards/marcxml/schema/MARC21slim.xsd"
    xmlns="http://www.loc.gov/MARC21/slim">

  <leader>00603nam a22001577a 4500</leader>
  <controlfield tag="003">OSt</controlfield>
  <controlfield tag="005">20151031084353.0</controlfield>
  <controlfield tag="008">151031b        xxu||||| |||| 00| 0 eng d</controlfield>
  <datafield tag="040" ind1=" " ind2=" ">
    <subfield code="c">RUA</subfield>
  </datafield>
  <datafield tag="082" ind1=" " ind2=" ">
    <subfield code="a">ATM.s MAK 2004 B004 Or.1</subfield>
  </datafield>
  <datafield tag="100" ind1=" " ind2=" ">
    <subfield code="9">3085</subfield>
    <subfield code="a">MAK, SOPHY.</subfield>
  </datafield>
  <datafield tag="245" ind1=" " ind2=" ">
    <subfield code="a">Techniques of growing tobacco in tbong khmom distrct kampong cham province, &#x1794;&#x1785;&#x17D2;&#x1785;&#x17C1;&#x1780;&#x1791;&#x17C1;&#x179F;&#x178A;&#x17B6;&#x17C6;&#x178A;&#x17BB;&#x17C7;&#x1790;&#x17D2;&#x1793;&#x17B6;&#x17C6;&#x1787;&#x1780;&#x17CB; &#x1793;&#x17C5;&#x179F;&#x17D2;&#x179A;&#x17BB;&#x1780;&#x178F;&#x17D2;&#x1794;&#x17BC;&#x1784;&#x1783;&#x17D2;&#x1798;&#x17BB;&#x17C6; &#x1781;&#x17C1;&#x178F;&#x17D2;&#x178F;&#x1780;&#x17C6;&#x1796;&#x1784;&#x17CB;&#x1785;&#x17B6;&#x1798;</subfield>
  </datafield>
  <datafield tag="260" ind1=" " ind2=" ">
    <subfield code="a">Phnom Penh</subfield>
    <subfield code="b">RUA</subfield>
    <subfield code="c">2004</subfield>
  </datafield>
  <datafield tag="300" ind1=" " ind2=" ">
    <subfield code="a">ix, 42p.</subfield>
    <subfield code="b">ill.</subfield>
    <subfield code="c">29cm.</subfield>
  </datafield>
  <datafield tag="942" ind1=" " ind2=" ">
    <subfield code="2">ddc</subfield>
    <subfield code="c">ATMSP</subfield>
  </datafield>
  <datafield tag="999" ind1=" " ind2=" ">
    <subfield code="c">2875</subfield>
    <subfield code="d">2875</subfield>
  </datafield>
  <datafield tag="952" ind1=" " ind2=" ">
    <subfield code="0">0</subfield>
    <subfield code="1">0</subfield>
    <subfield code="2">ddc</subfield>
    <subfield code="4">0</subfield>
    <subfield code="6">ATM__S_MAK_2004_000000000000000_B059_OR_1</subfield>
    <subfield code="7">0</subfield>
    <subfield code="9">13942</subfield>
    <subfield code="a">LBB</subfield>
    <subfield code="b">LBB</subfield>
    <subfield code="c">B059</subfield>
    <subfield code="d">2015-10-31</subfield>
    <subfield code="o">ATM.s MAK 2004 B059 Or.1</subfield>
    <subfield code="p">RUA004383</subfield>
    <subfield code="r">2015-10-31</subfield>
    <subfield code="w">2015-10-31</subfield>
    <subfield code="y">ATMSP</subfield>
  </datafield>
  <datafield tag="952" ind1=" " ind2=" ">
    <subfield code="0">0</subfield>
    <subfield code="1">0</subfield>
    <subfield code="2">ddc</subfield>
    <subfield code="4">0</subfield>
    <subfield code="6">ATM__S_MAK_2004_000000000000000_B059_OR_2</subfield>
    <subfield code="7">0</subfield>
    <subfield code="9">13943</subfield>
    <subfield code="a">LBB</subfield>
    <subfield code="b">LBB</subfield>
    <subfield code="c">B059</subfield>
    <subfield code="d">2015-10-31</subfield>
    <subfield code="o">ATM.s MAK 2004 B059 Or.2</subfield>
    <subfield code="p">RUA004440</subfield>
    <subfield code="r">2015-10-31</subfield>
    <subfield code="w">2015-10-31</subfield>
    <subfield code="y">ATMSP</subfield>
  </datafield>
  <datafield tag="952" ind1=" " ind2=" ">
    <subfield code="0">0</subfield>
    <subfield code="1">0</subfield>
    <subfield code="2">ddc</subfield>
    <subfield code="4">0</subfield>
    <subfield code="6">ATM__S_MAK_2004_000000000000000_B059_OR_3</subfield>
    <subfield code="7">0</subfield>
    <subfield code="9">13944</subfield>
    <subfield code="a">LBB</subfield>
    <subfield code="b">LBB</subfield>
    <subfield code="c">B059</subfield>
    <subfield code="d">2015-10-31</subfield>
    <subfield code="l">1</subfield>
    <subfield code="o">ATM.s MAK 2004 B059 Or.3</subfield>
    <subfield code="p">RUA004311</subfield>
    <subfield code="r">2018-07-09</subfield>
    <subfield code="s">2018-06-25</subfield>
    <subfield code="w">2015-10-31</subfield>
    <subfield code="y">ATMSP</subfield>
  </datafield>
</record>
